000
00323nam a22001457a 4500
008
210226b ||||| |||| 00| 0 eng d
020
_a
9781932529234
041
_a
eng
080
_a
616.8
082
_a
616.8
100
_a
7
101
_a
TRU
245
_a
Alzheimer's from the inside out
_c
Taylor, R
942
_2
udc
_c
BK
999
_c
55257
_d
55257